Život a dílo národohospodáře Dr. Aloise Rašína. Významní čeští národohospodáři.

Životná dráha Dr. Aloisa Rašína (1867-1923). Jeho teoretické názory ovplyvňované rakúskou (viedenskou) subjektívno-psychologickou národohospodárskou školou. Teória peňazí, ich podstata, funkcie - hlavné oblasti teoretických záujmov. Rašín ako hospodársky politik - konceptor i vykonávateľ (minister f...

Full description

Saved in:
Bibliographic Details
Main Author: Foltýn, Jaroslav
Format: Book Chapter
Language:Czech
Subjects:
Tags: Add Tag
No Tags, Be the first to tag this record!

MARC

LEADER 00000naa a2200000 4500
001 r012993
005 20220504102142.1
041 0 |a cze 
044 |a CZ 
245 1 0 |a Život a dílo národohospodáře Dr. Aloise Rašína.  |b Významní čeští národohospodáři.  |c Jaroslav Foltýn 
520 |a Životná dráha Dr. Aloisa Rašína (1867-1923). Jeho teoretické názory ovplyvňované rakúskou (viedenskou) subjektívno-psychologickou národohospodárskou školou. Teória peňazí, ich podstata, funkcie - hlavné oblasti teoretických záujmov. Rašín ako hospodársky politik - konceptor i vykonávateľ (minister financií ČSR). Knižné publikácie 1891-1922. 
610 2 0 |a Rašín, A. 
610 2 0 |a teórie ekonomické 
610 2 0 |a ekonómovia 
610 2 0 |a Čechy 
610 2 0 |a 1891-1922 
610 2 0 |a dejiny myslenia ekonomického 
610 2 0 |a financie 
610 2 0 |a peniaze 
610 2 0 |a teória peňažná 
610 2 0 |a politika hospodárska 
610 2 0 |a ČSR 
100 1 |a Foltýn, Jaroslav